书目信息 |
| 题名: |
2018年档案学学科发展研究报告
|
|
| 作者: | 张晓培 , 瞿静 主编 | |
| 分册: | ||
| 出版信息: | 郑州 郑州大学出版社有限公司 2021.08 |
|
| 页数: | 10,312页 | |
| 开本: | 29cm | |
| 丛书名: | 档案学学科发展研究丛书 | |
| 单 册: | ||
| 中图分类: | G279.2 | |
| 科图分类: | ||
| 主题词: | 档案学--学科发展--研究报告--中国--2018 | |
| 电子资源: | ||
| ISBN: | 978-7-5645-7359-1 | |
| 000 | 01209nam0 2200253 450 | |
| 001 | 012001002130 | |
| 005 | 20141203112940.0 | |
| 010 | @a978-7-5645-7359-1@dCNY136.00 | |
| 100 | @a20220905d2021 em y0chiy50 ea | |
| 101 | 0 | @achi |
| 102 | @aCN@b410000 | |
| 105 | @aa z 000yy | |
| 106 | @ar | |
| 200 | 1 | @a2018年档案学学科发展研究报告@A2018nian dang an xue xue ke fa zhan yan jiu bao gao@f张晓培,瞿静主编 |
| 210 | @a郑州@c郑州大学出版社有限公司@d2021.08 | |
| 215 | @a10,312页@c图@d29cm | |
| 225 | 1 | @a档案学学科发展研究丛书@f吴雁平,刘东斌主编 |
| 330 | @a本报告以年度为单位,对2018年度档案学文献分别进行统计分析、计量分析、词频分析、关键词共现分析和综述分析。报告分为总述、分述和专述三个部分,共12章。总述为第一章;分述由知网文献数据库科技信息类目下,档案及博物馆子类,档案学、档案事业小类下的档案学、档案管理、收集和整理保管和利用公布出版、各类型档案、建筑和设备、世界各国档案事业、中国档案事业七个固定分类各成一章;专述由档案法制、档案治理、大数据、电子文件四章构成。 | |
| 606 | 0 | @a档案学@x学科发展@x研究报告@y中国@z2018 |
| 690 | @aG279.2@v5 | |
| 701 | 0 | @a张晓培@Azhang xiao pei@4主编 |
| 701 | 0 | @a瞿静@Aqu jing@4主编 |
| 801 | 0 | @aCN@bAHXH@c20221111 |
| 905 | @b1372218-20@dG279.2@e265@f3 | |
| 2018年档案学学科发展研究报告/张晓培,瞿静主编.-郑州:郑州大学出版社有限公司,2021.08 |
| 10,312页:图;29cm.-(档案学学科发展研究丛书/吴雁平,刘东斌主编) |
| ISBN 978-7-5645-7359-1:CNY136.00 |
| 本报告以年度为单位,对2018年度档案学文献分别进行统计分析、计量分析、词频分析、关键词共现分析和综述分析。报告分为总述、分述和专述三个部分,共12章。总述为第一章;分述由知网文献数据库科技信息类目下,档案及博物馆子类,档案学、档案事业小类下的档案学、档案管理、收集和整理保管和利用公布出版、各类型档案、建筑和设备、世界各国档案事业、中国档案事业七个固定分类各成一章;专述由档案法制、档案治理、大数据、电子文件四章构成。 |
| ● |
| 相关链接 |
|
|
|
|
正题名:2018年档案学学科发展研究报告
索取号:G279.2/265
 
预约/预借
| 序号 | 登录号 | 条形码 | 馆藏地/架位号 | 状态 | 备注 |
| 1 | 1372218 | 213722186 | 第一样本阅览室/ [索取号:G279.2/265] | 在馆 | |
| 2 | 1372219 | 213722195 | 第四借阅区/ [索取号:G279.2/265] | 在馆 | |
| 3 | 1372220 | 213722202 | 第四借阅区/ [索取号:G279.2/265] | 在馆 |